Вып. 4 (84); Методические разработки по проблемам вузовской педагогики и научной организации учебного процесса

Detalles Bibliográficos
Parent link:Методические разработки по проблемам вузовской педагогики и научной организации учебного процесса: сборник научных статей/ Новосибирский электротехнический институт (НЭТИ). Вып. 4 (84).— , 1979-
Lenguaje:ruso
Publicado: 1981
Materias:
Formato: Libro
KOHA link:https://koha.lib.tpu.ru/cgi-bin/koha/opac-detail.pl?biblionumber=293075

MARC

LEADER 00000nam2a2200000 4500
001 293075
005 20231102000547.0
035 |a (RuTPU)RU\TPU\book\317914 
035 |a RU\TPU\book\317911 
090 |a 293075 
100 |a 20150428d1981 k y0rusy50 ca 
101 0 |a rus 
102 |a RU 
105 |a a z 001zy 
200 0 |a Вып. 4 (84) 
210 |d 1981 
215 |a 41 с.  |c ил. 
320 |a Библиогр. в конце ст. 
461 1 |0 (RuTPU)RU\TPU\book\295325  |t Методические разработки по проблемам вузовской педагогики и научной организации учебного процесса  |o сборник научных статей  |f Новосибирский электротехнический институт (НЭТИ)  |v Вып. 4 (84)  |d 1979-   |s Научная организация учебного процесса 
606 1 |a Учебный процесс  |x Вузы  |2 stltpush  |3 (RuTPU)RU\TPU\subj\69286  |9 84209 
610 1 |a высшее образование 
610 1 |a вузовская подготовка 
610 1 |a студенты 
610 1 |a научная организация труда 
610 1 |a политическая экономика 
610 1 |a методика преподавания 
610 1 |a обучение 
610 1 |a контроль 
610 1 |a преподавание 
610 1 |a оценки 
610 1 |a знания 
610 1 |a методические разработки 
686 |a Ч481.2  |v LBC/SL-A  |2 rubbk 
801 1 |a RU  |b 63413507  |c 20150428 
801 2 |a RU  |b 63413507  |c 20180425  |g RCR 
942 |c BK